000 00273nam a22001217a 4500
040 _cHS
082 _a658
100 _aសុក គន្ធី
245 _aBasic project management
260 _aSingapore
_bសុក គន្ធី
_cNA
300 _a151p;
942 _cEK
999 _c9957
_d9957